LEADER 01962oas 2200685 a 450 001 9910901774203321 005 20251210213018.0 011 $a2577-9125 035 $a(DE-599)ZDB2940197-5 035 $a(OCoLC)760219058 035 $a(CONSER) 2018201350 035 $a(CKB)991042724178034 035 $a(EXLCZ)99991042724178034 100 $a20111109b19651988 uy a 101 0 $aeng 135 $aurun||||a|a|| 181 $ctxt$2rdacontent 182 $cc$2rdamedia 183 $acr$2rdacarrier 200 00$aAerospace historian 210 $cAir Force Historical Foundation 215 $a1 online resource (24 volumes) $cillustrations 311 08$a0001-9364 517 1 $aAH 606 $aAeronautics, Military$zUnited States$vPeriodicals 606 $aAe?ronautique militaire$3(CaQQLa)000273058$zE?tats-Unis$3(CaQQLa)000273058$vPe?riodiques$3(CaQQLa)201-0378307 606 $aAeronautics, Military$2fast$3(OCoLC)fst00798542 606 $aAeronautics, Military$zUnited States$vPeriodicals$2nli 607 $aUnited States$2fast$1https://id.oclc.org/worldcat/entity/E39PBJtxgQXMWqmjMjjwXRHgrq 608 $aperiodicals.$2aat 608 $aPeriodicals.$2fast 608 $aPeriodicals.$2lcgft 608 $aPe?riodiques.$2rvmgf 615 0$aAeronautics, Military 615 6$aAe?ronautique militaire 615 7$aAeronautics, Military. 615 7$aAeronautics, Military 676 $a358.4 712 02$aAir Force Historical Foundation 801 0$bOCLCE 801 1$bOCLCE 801 2$bOCLCQ 801 2$bOCLCF 801 2$bOCLCO 801 2$bOCLCQ 801 2$bOCLCA 801 2$bTEF 801 2$bDLC 801 2$bTEF 801 2$bBWN 801 2$bU3W 801 2$bOCLCL 801 2$bOCLCQ 801 2$bORU 801 2$bOCLCL 801 2$bOCLCQ 906 $aJOURNAL 912 $a9910901774203321 996 $aAerospace historian$94273318 997 $aUNINA